一文字の市 - Statistics

General Stats
  • This quiz has been taken 7,826 times
  • The average score is 8 of 10
Answer Stats
Hint Answer % Correct
三重県 津市
99%
大阪府 堺市
87%
埼玉県 蕨市
86%
広島県 呉市
86%
新潟県 燕市
80%
千葉県 柏市
79%
岐阜県 関市
76%
山口県 萩市
76%
山口県 光市
66%
千葉県 旭市
62%
No matching quizzes found
Score Distribution
Percent of People with Each Score
Percentile by Number Answered
Your Score History
You have not taken this quiz